[Event "NK 2023 kwalicificatie"]
[Site "Haarlem, Netherlands"]
[Date "2023.06.04"]
[Round "9.3"]
[White "Pijpers, Arthur"]
[Black "De Winter, Arthur"]
[Result "1-0"]
[BlackCountry "NL"]
[BlackElo "2378"]
[BlackTitle "FM"]
[WhiteElo "2465"]

1. e4 {[%clk 0:15:05.0]} c5 {[%clk 0:15:03.5]} 2. Nf3 {[%clk 0:15:07.7]} Nc6 {[%clk 0:15:07.3]} 3. Bb5 {[%clk 0:15:11.0]} e6 {[%clk 0:15:11.2]} 4. Bxc6 {[%clk 0:15:13.4]} bxc6 {[%clk 0:15:14.8]} 5. b3 {[%clk 0:15:17.4]} d6 {[%clk 0:15:17.2]} 6. e5 {[%clk 0:15:20.2]} dxe5 {[%clk 0:15:21.0]} 7. Nxe5 {[%clk 0:15:23.6]} Qd5 {[%clk 0:15:24.8]} 8. Nf3 {[%clk 0:15:26.6]} Qe4+ {[%clk 0:15:28.6]} 9. Kf1 {[%clk 0:15:30.3]} Qf5 {[%clk 0:15:29.9]} 10. Na3 {[%clk 0:15:20.7]} Ba6+ {[%clk 0:15:17.9]} 11. d3 {[%clk 0:15:16.6]} Nf6 {[%clk 0:14:48.5]} 12. Nc4 {[%clk 0:15:00.0]} Be7 {[%clk 0:14:30.2]} 13. Qe2 {[%clk 0:13:26.8]} 0-0 {[%clk 0:14:02.1]} 14. Nfe5 {[%clk 0:13:16.8]} Bxc4 {[%clk 0:13:52.3]} 15. bxc4 {[%clk 0:13:00.6]} Bd6 {[%clk 0:13:47.0]} 16. Nxc6 {[%clk 0:11:33.2]} a5 {[%clk 0:12:19.8]} 17. Bb2 {[%clk 0:10:45.0]} Ra6 {[%clk 0:11:40.4]} 18. Ne5 {[%clk 0:10:43.9]} Rb8 {[%clk 0:11:41.9]} 19. Bc3 {[%clk 0:10:39.0]} Rab6 {[%clk 0:11:44.3]} 20. Qe1 {[%clk 0:08:21.0]} h5 {[%clk 0:10:32.0]} 21. h3 {[%clk 0:08:00.1]} a4 {[%clk 0:09:45.7]} 22. g4 {[%clk 0:06:06.6]} hxg4 {[%clk 0:09:32.5]} 23. hxg4 {[%clk 0:06:09.1]} Nxg4 {[%clk 0:09:36.5]} 24. Nxg4 {[%clk 0:06:06.8]} Qxg4 {[%clk 0:09:26.9]} 25. Bxg7 {[%clk 0:06:10.1]} Qf3 {[%clk 0:05:41.0]} 26. Rg1 {[%clk 0:05:58.7]} Kh7 {[%clk 0:04:45.1]} 27. Bc3 {[%clk 0:05:07.0]} Rg8 {[%clk 0:03:50.7]} 28. Rxg8 {[%clk 0:05:06.7]} Kxg8 {[%clk 0:03:52.7]} 29. Qe3 {[%clk 0:04:50.8]} Qg4 {[%clk 0:03:38.8]} 30. Qh6 {[%clk 0:03:39.5]} e5 {[%clk 0:03:38.6]} 31. Re1 {[%clk 0:03:25.7]} Bc7 {[%clk 0:03:29.7]} 32. Qh1 {[%clk 0:03:06.5]} Rg6 {[%clk 0:02:55.1]} 33. Bxe5 {[%clk 0:03:05.1]} Bxe5 {[%clk 0:02:43.0]} 34. Rxe5 {[%clk 0:03:08.2]} Kg7 {[%clk 0:02:46.0]} 35. Re1 {[%clk 0:03:00.1]} a3 {[%clk 0:02:16.0]} 36. Qd5 {[%clk 0:02:21.2]} Qh3+ {[%clk 0:00:56.2]} 37. Ke2 {[%clk 0:02:25.2]} Qg4+ {[%clk 0:01:00.4]} 38. Kd2 {[%clk 0:01:47.0]} Qf4+ {[%clk 0:01:01.9]} 39. Kc3 {[%clk 0:01:50.8]} Qxf2 {[%clk 0:01:01.6]} 40. Qe5+ {[%clk 0:01:18.0]} f6 {[%clk 0:00:33.5]} 41. Qe7+ {[%clk 0:00:41.8]} Kg8 {[%clk 0:00:20.9]} 42. Re4 {[%clk 0:00:14.1]} f5 {[%clk 0:00:08.7]} 43. Rh4 {[%clk 0:00:13.9]} f4 {[%clk 0:00:06.7]} 44. Qe8+ {[%clk 0:00:14.4]} Kg7 {[%clk 0:00:10.6]} 45. Qe7+ {[%clk 0:00:18.1]} Kg8 {[%clk 0:00:14.6]} 46. Qe8+ {[%clk 0:00:15.2]} Kg7 {[%clk 0:00:18.6]} 47. Qh8+ {[%clk 0:00:19.0]} Kf7 {[%clk 0:00:22.5]} 48. Rh7+ {[%clk 0:00:22.8]} Ke6 {[%clk 0:00:26.7]} 49. Qc8+ {[%clk 0:00:25.6]} Kf6 {[%clk 0:00:25.1]} 50. Qd8+ {[%clk 0:00:20.4]} Kf5 {[%clk 0:00:20.6]} 51. Qd5+ {[%clk 0:00:23.0]} Kg4 {[%clk 0:00:18.7]} 52. Qh5+ {[%clk 0:00:26.3]} {Black Resigned} 1-0

[Event "NK 2023 kwalicificatie"]
[Site "Haarlem, Netherlands"]
[Date "2023.06.04"]
[Round "9.4"]
[White "ten Hertog, Hugo"]
[Black "Maatman, Nick"]
[Result "0-1"]
[BlackCountry "NL"]
[BlackElo "2362"]
[BlackTitle "IM"]
[WhiteCountry "NL"]
[WhiteElo "2526"]
[WhiteTitle "GM"]

1. c4 {[%clk 0:15:05.0]} e6 {[%clk 0:15:02.2]} 2. Nf3 {[%clk 0:15:02.0]} d5 {[%clk 0:15:05.9]} 3. e3 {[%clk 0:15:05.9]} Nf6 {[%clk 0:15:07.7]} 4. b3 {[%clk 0:15:09.6]} c5 {[%clk 0:15:09.1]} 5. Bb2 {[%clk 0:15:09.0]} Nc6 {[%clk 0:15:10.3]} 6. cxd5 {[%clk 0:15:09.0]} exd5 {[%clk 0:15:13.6]} 7. Bb5 {[%clk 0:15:05.4]} Bd6 {[%clk 0:15:16.5]} 8. 0-0 {[%clk 0:14:41.7]} 0-0 {[%clk 0:15:19.4]} 9. Nc3 {[%clk 0:14:44.8]} d4 {[%clk 0:14:38.4]} 10. Ne2 {[%clk 0:14:39.5]} Bg4 {[%clk 0:14:39.0]} 11. Ng3 {[%clk 0:14:32.1]} Ne5 {[%clk 0:13:41.7]} 12. Be2 {[%clk 0:13:00.8]} Re8 {[%clk 0:12:08.6]} 13. exd4 {[%clk 0:12:43.8]} cxd4 {[%clk 0:12:03.7]} 14. Nxe5 {[%clk 0:12:17.7]} Bxe2 {[%clk 0:12:02.8]} 15. Qxe2 {[%clk 0:12:21.1]} Bxe5 {[%clk 0:11:45.6]} 16. Qd3 {[%clk 0:11:28.9]} Nd5 {[%clk 0:11:45.9]} 17. Rac1 {[%clk 0:09:56.7]} Nf4 {[%clk 0:11:37.2]} 18. Qf3 {[%clk 0:09:52.7]} h5 {[%clk 0:10:56.3]} 19. Rfe1 {[%clk 0:09:13.3]} Qg5 {[%clk 0:08:21.9]} 20. Rc5 {[%clk 0:06:54.0]} Rad8 {[%clk 0:06:07.2]} 21. Re4 {[%clk 0:05:03.9]} h4 {[%clk 0:04:52.7]} 22. Nf1 {[%clk 0:03:19.4]} Nxg2 {[%clk 0:03:59.6]} 23. Qxg2 {[%clk 0:00:52.0]} Bxh2+ {[%clk 0:04:01.7]} 24. Kxh2 {[%clk 0:00:32.0]} Qxc5 {[%clk 0:03:53.3]} 25. Rxh4 {[%clk 0:00:31.1]} Re2 {[%clk 0:03:20.2]} 26. Qh3 {[%clk 0:00:10.0]} Qe5+ {[%clk 0:02:49.2]} 27. Kg2 {[%clk 0:00:07.5]} g6 {[%clk 0:02:51.0]} 28. Ng3 {[%clk 0:00:07.1]} Rxd2 {[%clk 0:02:51.1]} 29. Ba3 {[%clk 0:00:10.7]} Rxa2 {[%clk 0:02:02.5]} 30. Bc1 {[%clk 0:00:09.4]} d3 {[%clk 0:01:59.7]} 31. Re4 {[%clk 0:00:08.3]} Qf6 {[%clk 0:01:51.6]} 32. Rf4 {[%clk 0:00:11.7]} Qc6+ {[%clk 0:01:51.4]} 33. Ne4 {[%clk 0:00:15.2]} Re2 {[%clk 0:01:27.9]} 34. Rh4 {[%clk 0:00:07.9]} Rxe4 {[%clk 0:01:07.0]} 35. Rh8+ {[%clk 0:00:10.7]} Kg7 {[%clk 0:01:11.2]} 36. Rh7+ {[%clk 0:00:10.9]} Kf6 {[%clk 0:00:48.4]} 37. Bb2+ {[%clk 0:00:07.2]} Red4+ {[%clk 0:00:42.3]} 38. Kh2 {[%clk 0:00:08.8]} d2 {[%clk 0:00:19.8]} 39. Qh4+ {[%clk 0:00:11.6]} Ke6 {[%clk 0:00:16.6]} 40. Bxd4 {[%clk 0:00:13.5]} Rxd4 {[%clk 0:00:14.4]} 41. Qh3+ {[%clk 0:00:05.3]} Ke7 {[%clk 0:00:15.0]} 42. Qe3+ {[%clk 0:00:08.2]} Qe4 {[%clk 0:00:11.7]} 43. Qg5+ {[%clk 0:00:09.3]} Ke6 {[%clk 0:00:13.8]} 44. Rh8 {[%clk 0:00:10.0]} Qe5+ {[%clk 0:00:16.3]} {White Resigned} 0-1

[Event "NK 2023 kwalicificatie"]
[Site "Haarlem, Netherlands"]
[Date "2023.06.04"]
[Round "9.5"]
[White "Van Orsouw, Theo"]
[Black "Timmermans, Mark"]
[Result "0-1"]
[BlackCountry "NL"]
[BlackElo "2402"]
[BlackTitle "IM"]
[WhiteElo "1909"]

1. d4 {[%clk 0:15:05.0]} Nf6 {[%clk 0:15:02.7]} 2. c4 {[%clk 0:15:06.9]} e6 {[%clk 0:15:06.5]} 3. Nc3 {[%clk 0:15:06.8]} Bb4 {[%clk 0:15:09.8]} 4. Qc2 {[%clk 0:15:09.0]} 0-0 {[%clk 0:15:13.3]} 5. e4 {[%clk 0:15:10.2]} d5 {[%clk 0:15:15.4]} 6. e5 {[%clk 0:15:09.0]} Ne4 {[%clk 0:15:19.2]} 7. Bd3 {[%clk 0:15:09.1]} f5 {[%clk 0:15:23.0]} 8. exf6 {[%clk 0:15:04.3]} Nxf6 {[%clk 0:15:08.1]} 9. Nf3 {[%clk 0:14:59.4]} Nc6 {[%clk 0:15:11.0]} 10. 0-0 {[%clk 0:14:56.8]} dxc4 {[%clk 0:14:47.4]} 11. Bxc4 {[%clk 0:14:49.9]} Nxd4 {[%clk 0:14:51.1]} 12. Nxd4 {[%clk 0:14:46.6]} Qxd4 {[%clk 0:14:54.3]} 13. Bb3 {[%clk 0:14:41.7]} Qh4 {[%clk 0:14:18.8]} 14. h3 {[%clk 0:13:55.7]} Kh8 {[%clk 0:14:16.9]} 15. Be3 {[%clk 0:13:49.7]} e5 {[%clk 0:13:23.0]} 16. Nd5 {[%clk 0:12:57.5]} Bxh3 {[%clk 0:13:25.4]} 17. Nxb4 {[%clk 0:12:20.1]} Bxg2 {[%clk 0:12:00.2]} 18. f3 {[%clk 0:11:18.1]} Qh1+ {[%clk 0:11:41.2]} 19. Kf2 {[%clk 0:11:17.3]} Bxf1 {[%clk 0:11:44.9]} 20. Rxf1 {[%clk 0:11:13.0]} Ng4+ {[%clk 0:11:48.4]} 21. Ke2 {[%clk 0:10:57.1]} Qxf1+ {[%clk 0:11:50.5]} 22. Kxf1 {[%clk 0:10:56.9]} Nxe3+ {[%clk 0:11:54.4]} 23. Kf2 {[%clk 0:10:59.5]} Nxc2 {[%clk 0:11:58.4]} 24. Bxc2 {[%clk 0:11:01.1]} c6 {[%clk 0:12:02.3]} {White Resigned} 0-1